• 首页
  • 本馆介绍
  • 公告通知
  • 最新文献
  • 馆藏检索
  • 电子资源
  • 读者导购
  • 参考咨询
  • 我的图书馆
  • 登录
  • 详细信息显示
  • 放入我的书架
  • 预约/预借图书
  • 作者相关作品
  • 分类相关作品
  • 丛书相关作品
  • 出版社相关作品

书目信息

  • 表格格式
  • 工作单格式
  • 卡片格式
题名:
好妈妈不吼不叫改变孩子的一生
    
 
作者: 于耿 编
分册:  
出版信息: 北京   中国华侨出版社  2018
页数: 464页
开本: 22cm
丛书名:
单 册:
中图分类: G78-49
科图分类:
主题词: 家庭教育--通俗读物
电子资源:
ISBN: 978-7-5113-7704-3
000 00852nam0 2200241 450
001 012001002986
005 20131024163526.0
010    @a978-7-5113-7704-3@dCNY39.00
100    @a20190406d2018 em y0chiy50 ea
101 0  @achi
102    @aCN@b110000
105    @ay z 000yy
106    @ar
200 1  @a好妈妈不吼不叫改变孩子的一生@9hao ma ma bu hou bu jiao gai bian hai zi de yi sheng@f于耿编
210    @a北京@c中国华侨出版社@d2018
215    @a464页@d22cm
300    @a教子有方家庭实例
330    @a本书从如何走进孩子的内心,怎样培养孩子的独立性、责任感、情商、财商、沟通能力,如何帮助孩子平稳度过青春期等方面,结合生动而真实的案例,全面总结了好妈妈不吼不叫教育孩子的妙招。
606 0  @a家庭教育@j通俗读物
690    @aG78-49@v5
701  0 @a于耿@9yu geng@4编
801  0 @aCN@b江苏凤凰@c20191020
905    @b1225879-82@dG78-49@e1132@f4
    
    好妈妈不吼不叫改变孩子的一生/于耿编.-北京:中国华侨出版社,2018
    464页;22cm
    教子有方家庭实例
    
    ISBN 978-7-5113-7704-3:CNY39.00
    本书从如何走进孩子的内心,怎样培养孩子的独立性、责任感、情商、财商、沟通能力,如何帮助孩子平稳度过青春期等方面,结合生动而真实的案例,全面总结了好妈妈不吼不叫教育孩子的妙招。
●
相关链接 在E读中查询图书 在五车中查询图书 在当当中查询图书 在豆瓣中查询图书


正题名:好妈妈不吼不叫改变孩子的一生     索取号:G78-49/1132         预约/预借

序号 登录号 条形码 馆藏地/架位号 状态 备注
1 1225879   212258796   第一样本阅览室/ [索取号:G78-49/1132] 在馆    
2 1225880   212258803   教育系资料室/ [索取号:G78-49/1132] 在馆    
3 1225881   212258812   教育系资料室/ [索取号:G78-49/1132] 在馆    
4 1225882   212258821   第四借阅区/ [索取号:G78-49/1132] 在馆    
唐山师范学院图书馆 欢迎您!
大连网信软件有限公司© 版权所有